000 00949nam a2200265 i 4500
003 DO-SdBNP
005 20241022103731.0
007 ta
008 240405b1997 dr ||||| |||| 00| 0 spa d
040 _aDO-SdBNP
_bspa
_cBNPHU
_erda
082 4 _a346.7293086
_bS941t
_222
100 1 _aSubero Isa, Jorge A.,
_d1947-
_976863
_eautor
245 1 0 _aTeoría y práctica de derecho de seguros /
_cJorge A. Subero Isa, Fanny E. Subero M. ; edición, Adolfo Borg
264 _aSanto Domingo :
_bDalis,
_c1997.
300 _a267 páginas ;
_c24 cm.
336 _2rdacontent
_atexto
_btxt
337 _2rdamedia
_asin mediación
_bn
338 _2rdacarrier
_avolumen
_bnc
590 _aInventariado, 2024/BT
650 7 _aDerecho de seguros
_zRepública Dominicana
_986747
650 7 _aSeguros legislación
_zRepública Dominicana
_986748
700 1 _aBorg, Adolfo,
_eedición
_985136
910 _aBtavárez/Validado. Control de calidad MFF
942 _2ddc
_cLBS1
999 _c56258
_d56258